[Event "Astrakhan op"]
[Site "Astrakhan"]
[Date "2013.08.17"]
[Round "4"]
[White "Irgaliyev, Alikhan"]
[Black "Genov, Ilya"]
[Result "1-0"]
[WhiteElo "1999"]
[BlackElo "2104"]
[PlyCount "69"]
[EventDate "2013.08.14"]
[EventType "swiss"]
[EventRounds "9"]
[EventCountry "RUS"]
[SourceTitle "CBM 156 Extra"]
[Source "ChessBase"]
[SourceDate "2013.10.22"]
[SourceVersion "1"]
[SourceVersionDate "2013.10.22"]
[SourceQuality "1"]

1. c4 f5 2. Nc3 Nf6 3. g3 d6 4. Bg2 g6 5. Nf3 Bg7 6. 0-0 0-0 7. Re1 e5 8. d3 c6 9. Rb1 a5 10. a3 Na6 11. b4 axb4 12. axb4 Qe7 13. b5 Nc5 14. Nd2 Bd7 15. Qc2 Be8 16. Nb3 Ne6 17. Bd2 f4 18. Ra1 Bd7 19. Ra2 Ng5 20. Rea1 Rxa2 21. Qxa2 Nh3+ 22. Bxh3 Bxh3 23. Qa7 cxb5 24. Nxb5 fxg3 25. hxg3 e4 26. Bf4 exd3 27. exd3 Ng4 28. N3d4 Re8 29. Qa5 Be5 30. Re1 Nxf2 31. Nxd6 Nxd3 32. Qd5+ Be6 33. Nxe6 Qxd6 34. Rxe5 Nb2 35. Nc7+ 1-0

[Event "Astrakhan op"]
[Site "Astrakhan"]
[Date "2013.08.14"]
[Round "1"]
[White "Genov, Ilya"]
[Black "Ibragimov, Timur"]
[Result "1/2-1/2"]
[WhiteElo "2104"]
[BlackElo "1819"]
[PlyCount "56"]
[EventDate "2013.08.14"]
[EventType "swiss"]
[EventRounds "9"]
[EventCountry "RUS"]
[SourceTitle "CBM 156 Extra"]
[Source "ChessBase"]
[SourceDate "2013.10.22"]
[SourceVersion "1"]
[SourceVersionDate "2013.10.22"]
[SourceQuality "1"]

1. e4 e5 2. f4 d5 3. exd5 exf4 4. Nf3 Nf6 5. Bc4 Nxd5 6. Bxd5 Qxd5 7. Nc3 Qe6+ 8. Kf2 Be7 9. Re1 Qd6 10. d4 0-0 11. Qd3 Nc6 12. Nb5 Qd8 13. Bxf4 Bd6 14. Nxd6 cxd6 15. c3 d5 16. Ne5 Qf6 17. Qg3 Be6 18. Kg1 Nxe5 19. Rxe5 h6 20. Rf1 Kh7 21. Re3 Qg6 22. Qf2 Rg8 23. Be5 f5 24. Qf4 Rae8 25. Rh3 Qg4 26. Qd2 g5 27. Rg3 Qh4 28. Rh3 Qg4 1/2-1/2

[Event "Astrakhan op"]
[Site "Astrakhan"]
[Date "2012.08.22"]
[Round "8"]
[White "Iljin, Timofey"]
[Black "Genov, Ilya"]
[Result "1-0"]
[WhiteElo "2394"]
[BlackElo "2102"]
[PlyCount "67"]
[EventDate "2012.08.15"]
[EventType "swiss"]
[EventRounds "9"]
[EventCountry "RUS"]
[SourceTitle "CBM 150 Extra"]
[Source "ChessBase"]
[SourceDate "2012.10.19"]
[SourceVersion "1"]
[SourceVersionDate "2012.10.19"]
[SourceQuality "1"]

1. d4 d5 2. c4 Nc6 3. Nc3 dxc4 4. Nf3 Nf6 5. Bg5 Nd5 6. e4 Nxc3 7. bxc3 Na5 8. Bxc4 Nxc4 9. Qa4+ c6 10. Qxc4 Be6 11. Qd3 g6 12. 0-0 Bg7 13. Rad1 0-0 14. c4 Bg4 15. d5 cxd5 16. cxd5 Re8 17. h3 Bxf3 18. Qxf3 Qa5 19. Rd2 Rac8 20. Rfd1 Rc3 21. Qe2 a6 22. e5 h6 23. Bf4 Qa4 24. Bg3 b5 25. e6 f5 26. Be5 Bxe5 27. Qxe5 Qc4 28. d6 exd6 29. Rxd6 Rc1 30. Rxc1 Qxc1+ 31. Kh2 Qc7 32. f4 Re7 33. Qd4 Rg7 34. Rd8+ 1-0

[Event "Astrakhan op"]
[Site "Astrakhan"]
[Date "2012.08.18"]
[Round "4"]
[White "Genov, Ilya"]
[Black "Kotenko, Pavel"]
[Result "0-1"]
[WhiteElo "2102"]
[BlackElo "2397"]
[PlyCount "90"]
[EventDate "2012.08.15"]
[EventType "swiss"]
[EventRounds "9"]
[EventCountry "RUS"]
[SourceTitle "CBM 150 Extra"]
[Source "ChessBase"]
[SourceDate "2012.10.19"]
[SourceVersion "1"]
[SourceVersionDate "2012.10.19"]
[SourceQuality "1"]

1. e4 e5 2. Nf3 Nc6 3. Nc3 Nf6 4. d4 exd4 5. Nd5 Be7 6. Bf4 d6 7. Nxd4 Nxd5 8. exd5 Nxd4 9. Qxd4 Bf6 10. Qe3+ Qe7 11. Qxe7+ Bxe7 12. Bb5+ Bd7 13. Bxd7+ Kxd7 14. 0-0-0 Bf6 15. Rhe1 Rhe8 16. c3 Be5 17. Bxe5 Rxe5 18. Rxe5 dxe5 19. c4 Kd6 20. Kd2 f5 21. Kc3 Re8 22. Re1 Rf8 23. f3 g5 24. Rf1 Rf6 25. b3 Rh6 26. h3 Rh4 27. Rf2 h5 28. Rf1 Rf4 29. Kd3 e4+ 30. Ke3 exf3 31. Rxf3 Rxf3+ 32. Kxf3 h4 33. Ke3 Ke5 34. Kd3 b5 35. cxb5 Kxd5 36. b4 g4 37. Ke3 Ke5 38. a3 f4+ 39. Kf2 gxh3 40. gxh3 Ke4 41. a4 f3 42. Ke1 Ke3 43. Kf1 f2 44. b6 cxb6 45. b5 Kd4 0-1

[Event "Astrakhan-ch"]
[Site "Astrakhan"]
[Date "2011.11.26"]
[Round "8"]
[White "Aliev, Vladislav"]
[Black "Genov, Ilya"]
[Result "1/2-1/2"]
[WhiteElo "2152"]
[BlackElo "2124"]
[PlyCount "141"]
[EventDate "2011.11.19"]
[EventType "swiss"]
[EventRounds "9"]
[EventCountry "RUS"]
[SourceTitle "EXT 2013"]
[Source "ChessBase"]
[SourceDate "2012.11.22"]
[SourceVersion "1"]
[SourceVersionDate "2012.11.22"]
[SourceQuality "1"]

1. c4 e5 2. Nc3 Nf6 3. g3 c6 4. Bg2 d5 5. d4 exd4 6. Qxd4 Be6 7. cxd5 cxd5 8. Nf3 Nc6 9. Qa4 Bc5 10. 0-0 0-0 11. Bg5 h6 12. Bxf6 Qxf6 13. Rac1 Bb6 14. e3 Rad8 15. Rfd1 Rd7 16. Ne2 Qxb2 17. Ned4 Nxd4 18. Nxd4 Bxd4 19. Qxd4 Qxd4 20. Rxd4 Rfd8 21. Bf3 Kf8 22. Bd1 a6 23. a4 b5 24. Be2 Rb8 25. axb5 axb5 26. Rb4 Rdb7 27. Rc5 Ke7 28. Rcxb5 Rxb5 29. Rxb5 Rxb5 30. Bxb5 Kf6 31. f4 g6 32. Kf2 h5 33. Kf3 Bg4+ 34. Kf2 Be6 35. Ke2 Kf5 36. h3 Kf6 37. Bc6 Bxh3 38. Bxd5 Be6 39. Bc6 g5 40. Kf3 Bg4+ 41. Kg2 gxf4 42. gxf4 h4 43. Bd5 Kg6 44. e4 f6 45. Bc4 Kh6 46. Bd3 Kg7 47. Kh2 Kh6 48. Bf1 Bf3 49. Bg2 Bg4 50. Bf1 Bf3 51. Bd3 Bg4 52. Bb5 Bf3 53. Bd3 Bg4 54. Kg2 Kg7 55. Bc4 Kh6 56. Kf2 Kg6 57. Be2 Bd7 58. Kf3 Be6 59. Bd3 Bd7 60. Bc2 Kh5 61. Bb3 Bg4+ 62. Kg2 Kg6 63. Bc2 Kh6 64. Bd3 Kg7 65. Kf2 Kh6 66. Be2 Bd7 67. Bf3 Be6 68. Kg2 Bd7 69. Kh2 Be6 70. Bg2 Bd7 71. Bh3 1/2-1/2

[Event "Astrakhan-ch"]
[Site "Astrakhan"]
[Date "2011.11.23"]
[Round "5"]
[White "Genov, Ilya"]
[Black "Afanasiev, Alexei A"]
[Result "1/2-1/2"]
[WhiteElo "2124"]
[BlackElo "1973"]
[PlyCount "73"]
[EventDate "2011.11.19"]
[EventType "swiss"]
[EventRounds "9"]
[EventCountry "RUS"]
[SourceTitle "EXT 2013"]
[Source "ChessBase"]
[SourceDate "2012.11.22"]
[SourceVersion "1"]
[SourceVersionDate "2012.11.22"]
[SourceQuality "1"]

1. e4 e6 2. d4 d5 3. Nc3 Bb4 4. e5 Ne7 5. a3 Bxc3+ 6. bxc3 c5 7. Nf3 c4 8. Be2 0-0 9. 0-0 Nbc6 10. Re1 h6 11. Nh4 Ng6 12. Nxg6 fxg6 13. a4 Rf7 14. Bf1 Ne7 15. Qg4 Kh7 16. g3 Nf5 17. h4 Bd7 18. h5 gxh5 19. Qxh5 Be8 20. Qg4 g5 21. Be2 Rg7 22. Qh3 Bg6 23. Kg2 Kg8 24. Rh1 Rh7 25. Qg4 Ng7 26. Qh3 Bxc2 27. Bd2 Qe8 28. g4 Qf7 29. Rh2 Rf8 30. Qg3 Qg6 31. Qe3 Rf4 32. Qg3 Rf8 33. Qe3 Be4+ 34. f3 Bc2 35. a5 Rf4 36. Qf2 Rf7 37. Qe3 1/2-1/2

[Event "Astrakhan-ch"]
[Site "Astrakhan"]
[Date "2011.11.20"]
[Round "2"]
[White "Genov, Ilya"]
[Black "Ramazanov, Askhat S"]
[Result "1-0"]
[WhiteElo "2124"]
[BlackElo "1810"]
[PlyCount "39"]
[EventDate "2011.11.19"]
[EventType "swiss"]
[EventRounds "9"]
[EventCountry "RUS"]
[SourceTitle "EXT 2013"]
[Source "ChessBase"]
[SourceDate "2012.11.22"]
[SourceVersion "1"]
[SourceVersionDate "2012.11.22"]
[SourceQuality "1"]

1. e4 c6 2. c4 d5 3. cxd5 cxd5 4. exd5 Qxd5 5. Nc3 Qa5 6. d4 Nf6 7. Nf3 e6 8. Bd3 Bd6 9. Bg5 Nbd7 10. 0-0 a6 11. Qe2 h6 12. Bxf6 Nxf6 13. Ne5 Bb8 14. Rad1 0-0 15. Rfe1 Qc7 16. Rc1 Qd8 17. Red1 Re8 18. Bb1 Nd5 19. Qh5 Qg5 20. Qxf7+ 1-0